The Dirty Dozen (Record no. 41496)

MARC details
000 -LEADER
fixed length control field 00350nam a2200133Ia 4500
008 - FIXED-LENGTH DATA ELEMENTS--GENERAL INFORMATION
fixed length control field 240719s9999 xx 000 0 und d
020 ## - INTERNATIONAL STANDARD BOOK NUMBER
International Standard Book Number 9789389109177
041 ## - LANGUAGE CODE
Language code of text/sound track or separate title eng
100 ## - MAIN ENTRY--PERSONAL NAME
Personal name N. Sundaresha
245 ## - TITLE STATEMENT
Title The Dirty Dozen
260 ## - PUBLICATION, DISTRIBUTION, ETC.
Place of publication, distribution, etc. New Dehli
Name of publisher, distributor, etc. Macmillan
Date of publication, distribution, etc. 2019
300 ## - PHYSICAL DESCRIPTION
Extent 312;. P. 24 Cm
520 ## - SUMMARY, ETC.
Summary, etc. Faculty Purchase By Dr. Jitendra Sharma
Holdings
Withdrawn status Lost status Source of classification or shelving scheme Damaged status Not for loan Home library Current library Shelving location Date acquired Source of acquisition Cost, normal purchase price Total Checkouts Total Renewals Full call number Barcode Date due Date last seen Date last checked out Price effective from Koha item type
    Dewey Decimal Classification     IMTN IMTN Rack 43-B 07/16/2024 Amazon 309.00 7 1 920 SUB 33545 01/21/2026 01/11/2026 01/11/2026 06/28/2024 Books
Designed & Maintained by: LRC IMT Nagpur Contact: lrc@imtnag.ac.in© 2024. All Rights Reserved.